Loading...
Structure and properties of materials /
| Main Author: | |
|---|---|
| Format: | Printed Book |
| Language: | English |
| Published: |
Wiley Eastern,
1968.
|
| Series: | v3
|
| LEADER | 00501nam a2200157Ia 4500 | ||
|---|---|---|---|
| 008 | 150624b xxu||||| |||| 00| 0 eng d | ||
| 082 | |a 620.112 | ||
| 100 | |a Hayden H. W. | ||
| 245 | |a Structure and properties of materials / |c Hayden H. W. | ||
| 260 | |b Wiley Eastern, |c 1968. | ||
| 300 | |a 247 p. | ||
| 490 | |a v3 | ||
| 500 | |a v2 and 4 not in library | ||
| 942 | |c BK | ||
| 999 | |c 1978 |d 1978 | ||
| 952 | |0 1 |1 0 |4 0 |6 620_112000000000000_STR |7 0 |9 1977 |a UL |b UL |c ST2 |d 1998-09-01 |l 0 |o 620.112 STR |p 3770 |r 2012-10-27 |w 2012-10-27 |y BK | ||